Elektrik elektronik-elektroteknik terimleri sözlüğü : (Record no. 11701)
| 000 -BAŞLIK | |
|---|---|
| Sabit Uzunluktaki Kontrol Alanı | 01051nam a22003137a 4500 |
| 001 - KONTROL NUMARASI | |
| Control Dosyası | 0011732 |
| 003 - KONTROL NUMARASI KİMLİĞİ | |
| Kontrol Alanı | KOHA_MİRAKIL |
| 005 - EN SON İŞLEM TARİHİ ve ZAMANI | |
| Kontrol Alanı | 20260207001827.0 |
| 007 - FİZİKSEL TANIM SABİT ALAN - GENEL BİLGİ | |
| Sabit uzunluklu kontrol alanı | ta |
| 008 - SABİT UZUNLUKTAKİ VERİ ÖGELERİ - GENEL BİLGİ | |
| Sabit Alan | 091217b1995 tu |||grd|||#0|||0|tur | |
| 020 ## - ISBN - ULUSLARARASI STANDART KİTAP NUMARASI | |
| Isbn | 9757368849 |
| 040 ## - KATALOGLAMA KAYNAĞI | |
| Özgün Kataloglama Kurumu | TR-BiSEU |
| Kataloglama Dili | tur |
| Çeviri Kurumu | TR-BiSEU |
| Açıklama Kuralları | rda |
| 041 0# - DİL KODU | |
| Metin ya da ses kaydının dil kodu | tur |
| 044 ## - YAYINLAYAN/ÜRETEN KURULUŞUN ÜLKE KODU | |
| ISO country code | tu |
| 050 ## - SINIFLAMA ve YER NUMARASI | |
| Sınıflama Numarası | TK7804 |
| Yer Numarası | .O93 1995 |
| 100 1# - KİŞİ ADI | |
| Yazar Adı (Kişi adı) | Özbalkan, Nuri. |
| 245 1# - ESER ADI BİLDİRİMİ | |
| Başlık | Elektrik elektronik-elektroteknik terimleri sözlüğü : |
| Alt Eseradı vb. | Türkçe - İngilizce - Fransızca - Almanca/ |
| Sorumluluk Bildirimi | Nuri Özbalkan ; Nuri Özbalkan. |
| 264 #1 - ÜRERİM, YAYIN, DAĞITIM ve TELİF BİLDİRİMİ | |
| Yayın yeri | İstanbul : |
| Yayınlayan | Alfa Yayınları |
| Yayın tarihi | 1995 |
| 300 ## - FİZİKSEL TANIMLAMA | |
| Sayfa, Cilt vb. | 883 sayfa |
| 336 ## - İÇERİK TÜRÜ | |
| Content type term | metin |
| Content type code | txt |
| Source | rdacontent |
| 337 ## - MEDYA TÜRÜ | |
| Media type term | aracısız |
| Media type code | n |
| Source | rdamedia |
| 338 ## - TAŞIYICI TÜRÜ | |
| Carrier type term | cilt |
| Carrier type code | nc |
| Source | rdacarrier |
| 490 0# - DİZİ BİLDİRİMİ | |
| Dizi Bildirimi | Yayın no : 203 , Sözlük dizisi : 9. |
| 500 ## - GENEL NOT | |
| Genel Not | Dış kapak eser adı: Best dictionary: Elektrik elektronik - elektroteknik terimleri : |
| 650 #0 - KONU BAŞLIĞI EK GİRİŞ - KONU TERİMİ | |
| Konusal terim veya coğrafi ad | Eloktronik--Sözlükler. |
| 9 (RLIN) | 28564 |
| 830 0# - SERİ EK GİRİŞİ - TEKBİÇİM ESER ADI | |
| Tekbiçim Başlık | Yayın no : 203 , Sözlük dizisi : 9. |
| 9 (RLIN) | 28565 |
| 907 ## - LOCAL DATA ELEMENT G, LDG (RLIN) | |
| a | Sözlük |
| 942 ## - EK GİRİŞ ÖGELERİ (KOHA) | |
| Source of classification or shelving scheme | Library of Congress Classification |
| Koha item type | Book |
| Materyal Türü | Kalıcı Konum | Mevcut Konum | Raf Yeri | Koleksiyon Kodu | Sınıflandırma Kaynağı | Edinim Bilgisi | Ana Konular | Alt Konular | Yer Numarası | Cilt Bilgisi | Demirbaş Numarası | Fatura Tarihi | Maliyet, Alış Fiyatı | Maliyet, Yenileme Fiyatı | Geri Çekilme Durumu | Kayıp Durumu | Hasarlı Durumu | Kredi için değil | Kayıt Tarih | Toplam Ödünçverme | Son Görülme Tarihi | Son Kontrol Tarihi | Genel / Bağış Notu |
|---|---|---|---|---|---|---|---|---|---|---|---|---|---|---|---|---|---|---|---|---|---|---|---|
| Danışma Kaynakları | Prof. Dr. Azmi Özcan Kütüphanesi | Prof. Dr. Azmi Özcan Kütüphanesi | Birûni Salonu | Referans | Library of Congress Classification | Bağış | TEKNOLOJİ | Elektrik Mühendisliği, Elektronik, Nükleer Mühendislik | TK7804 .O93 1995 | n.1 | 0011732 | 13/08/2010 | 4.00 | 4.00 | Ödünç verilmez | 17/12/2009 | 02/06/2025 | 02/06/2025 | Genel Bağış | ||||
| Danışma Kaynakları | Prof. Dr. Azmi Özcan Kütüphanesi | Prof. Dr. Azmi Özcan Kütüphanesi | Birûni Salonu | Referans | Library of Congress Classification | Bağış | TEKNOLOJİ | Elektrik Mühendisliği, Elektronik, Nükleer Mühendislik | TK7804 .O93 1995 | n.2 | 0011733 | 13/08/2010 | 4.00 | 4.00 | Ödünç verilmez | 17/12/2009 | 02/06/2025 | 02/06/2025 | Genel Bağış |
